LEADER 00992 a2200169 4500
020 |a 9788132105756 
082 |a 301.095 4  |b Q1 
100 |a Madan.T.N.  |9 9338 
245 |a Sociological traditions:  |b methods and perspectives in the sociology of India/  |c T N Madan 
260 |a New Delhi:  |b Sage Publications,  |c 2011 
300 |a xxi, 306p 
650 |a Sociology-India   |9 9232 
650 |a Religion and sociology-India  |9 9559 
856 |u http://books.google.co.in/books?id=jZmHAwAAQBAJ&pg=PR13&lpg=PR13&dq=Sociological++traditions:methods+and+perspectives+in+the+sociology+of+India/&source=bl&ots=FMFUqVAtL2&sig=jjmZCbH_SM2wdYqmTL5uGZMu4PU&hl=en&sa=X&ei=G9bhU4GaM8SeugT--IGoCg&ved=0CDoQ6AEwBQ#v=onepage&q=Sociological%20%20traditions%3Amethods%20and%20perspectives%20in%20the%20sociology%20of%20India%2F&f=false 
942 |c BK 
999 |c 61197  |d 61197 
952 |0 0  |1 0  |4 0  |6 301_095000000000000_4_Q1  |7 0  |9 53018  |a MGUL  |b MGUL  |c GEN  |d 2013-10-04  |e 8  |g 464.25  |l 0  |o 301.095 4 Q1  |p 50041  |r 2014-01-28  |v 750.00  |w 2013-10-04  |y BK